| 000 | 01300nam a2200265 4500 | ||
|---|---|---|---|
| 001 | 113989 | ||
| 003 | DR-UNIBE | ||
| 005 | 20250731103740.0 | ||
| 008 | 250731b2007 pn ||||| |||| 00| 0 spa d | ||
| 020 | _a742185365 | ||
| 040 |
_aBIBLIOTECA UNIBE _bspa _cBIBLIOTECA UNIBE _erda |
||
| 041 | _aspa | ||
| 082 |
_222 _a345.075 G633a |
||
| 100 | 1 | 0 |
_aGómez de Antinori, Marcela, _d1958- _9198057 _eautor |
| 245 | 1 | 3 |
_aLa aplicación del principio del "Non bis in idem" consagrado en la constitución nacional / _cMarcela Gómez de Antinori |
| 260 |
_aPanamá : _bCultura Visual, _c2007 |
||
| 300 |
_a 140 páginas : _c18 x 12 cm |
||
| 500 | _aInformación del autor en la contraportada | ||
| 505 | _aIntroducción | Capítulo primero. Conceptos fundamentales que enmarca el principio del "non bis in idem" | Capítulo segundo. El "non bis in idem" en la legislación nacional y comparada | Capítulo tercero. El principio "non bis in idem" en la legislación nacional y comparada | Conclusión | Recomendaciones | Bibliografía | ||
| 650 | 7 |
_2lemb _aDerecho procesal panameño _9198062 |
|
| 650 | 7 |
_2lemb _aDerecho penal panameño _9198063 |
|
| 650 | 7 |
_2lemb _aCosa juzgada _xJurisprudencia _9198064 |
|
| 700 |
_aSmith, Christopher _9198061 _ediseñador portada _ediagramador |
||
| 942 |
_2ddc _cBK |
||
| 999 |
_c113989 _d113989 |
||